| 000 | 00481nam a2200157 a 4500 | ||
|---|---|---|---|
| 001 | 000036494 | ||
| 005 | 20200930075749.0 | ||
| 008 | 120118s1960 enka 000 0 spa d | ||
| 040 |
_aDO-SdBNP _bspa _cBNPHU |
||
| 082 |
_axxx _bH519b |
||
| 100 | 1 |
_aHenrot, Thérése _962734 |
|
| 245 | 1 | 0 |
_aBelgium / _cThérése Henrot ; english version Robert Erich Wolf. |
| 260 |
_aLondon : _bVista Books, _c1960. |
||
| 300 |
_a191 p. : _bil., retrs. ; _c18 cm. |
||
| 700 | 1 |
_aWolf, Robert Erich _962735 |
|
| 999 |
_c35985 _d35985 |
||